Hearthstone Legendary Cards Quiz - Statistics

General Stats
  • This quiz has been taken 502 times
  • The average score is 11 of 15
Answer Stats
Hint Answer % Correct
Battle-cry: summon two 1/1 boom bots WARNING BOTS MAY EXPLODE Dr. Boom
97%
Battle-cry: Destroy all other minions and discard your hand Deathwing
91%
Battle-cry: Fill your board with 1/1 whelps Onyxia
87%
Can't Attack. At the end of your turn, deal 8 damage to a random enemy Ragnaros the Fire-Lord
81%
At the end of your turn, deal 2 damage to ALL other characters Baron Geddon
79%
At the end of each turn, re-summon all friendly minions that died this turn Kel'Thuzad
75%
At the start of you turn, 50% chance to draw an extra card Nat Pagle
75%
At the end of your turn, summon a 2/2 gnoll with Taunt Hogger
74%
Charge. Enrage: +6 attack Grommash Hellscream
71%
Charge, Taunt, Divine Shield, Windfury Al'Akir the Wind-lord
69%
Taunt, Divine Shield. Death-rattle: Equip a 5/3 Ash Bringer Tirion Fordring
69%
Death-rattle: summon a random Legendary minion Sneed's old Shredder
56%
When you draw this, deal 2 damage to all characters Flame Leviathan
54%
Your death-rattles trigger twice Baron Rivendare
50%
Death-rattle: Take control of a random enemy Minion Sylvannas Windrunner
26%
No matching quizzes found
Score Distribution
Percent of People with Each Score
Percentile by Number Answered
Your Score History
You have not taken this quiz